000 00843nam a2200301 a 4500
001 000035553
003 DO-SdBNP
005 20170929104036.0
007 000035553
008 091113s2011 dr 000 f spa d
020 _a9789945429206
040 _aBPMSU
_bspa
_cBPMSU
082 _aRD863.44
_bM425o, 2011
100 1 _aMateo, Andrés L.,
_d1946 -
245 1 3 _aLa otra Penélope /
_cAndrés L. Mateo.
250 _a2a ed.
260 _aSanto Domingo :
_bAlfaguara,
_c2011.
300 _a108 p. ;
_c23 cm.
490 1 _aAlfaguara
586 _aPremio Nacional de Literatura
650 4 _aNOVELA DOMINICANA
650 4 _aLITERATURA DOMINICANA
830 0 _aAlfaguara
910 _aValidado. Control de calidad BNPHU
942 _2ddc
_cBK
945 _aInventariado / 2017 VM
956 _aVMATEO
_b 10
_c 20150905
_lBPMSU
_h1118
999 _c7428
_d7428